[Event "Sao Paulo op-B 3rd"]
[Site "Sao Paulo"]
[Date "2015.09.20"]
[Round "5"]
[White "Bortolotti, Julia Gomes"]
[Black "Pi Chillida, Nicole"]
[Result "0-1"]
[WhiteElo "1784"]
[BlackElo "1451"]
[PlyCount "116"]
[EventDate "2015.09.17"]
[EventType "swiss"]
[EventRounds "6"]
[EventCountry "BRA"]
[SourceTitle "EXT 2016"]
[Source "ChessBase"]
[SourceDate "2015.10.08"]
[SourceVersion "1"]
[SourceVersionDate "2015.10.08"]
[SourceQuality "1"]

1. e4 e6 2. Nf3 d5 3. Bd3 b6 4. 0-0 Bb7 5. Qe2 Nf6 6. Nc3 Bb4 7. e5 Nfd7 8. a3 Bxc3 9. bxc3 0-0 10. c4 dxc4 11. Bxc4 Bxf3 12. Qxf3 c6 13. d4 b5 14. Bd3 f6 15. Qg3 Rf7 16. c4 Nb6 17. c5 Nc4 18. exf6 Qxf6 19. Be3 Nxe3 20. fxe3 Qe7 21. Rxf7 Qxf7 22. Rf1 Qe7 23. Qh3 h6 24. e4 Nd7 25. Qh5 Rf8 26. Rxf8+ Nxf8 27. d5 Qxc5+ 28. Kf1 exd5 29. exd5 a6 30. Qe8 Qxd5 31. Bg6 Qc4+ 32. Kg1 Qd4+ 33. Kf1 Qf6+ 34. Kg1 Qxg6 35. Qa8 Qb1+ 36. Kf2 Qb2+ 37. Kg1 Qxa3 38. Qxc6 b4 39. Qc4+ Kh7 40. Qc2+ Ng6 41. h4 Qe3+ 42. Kh2 Qf4+ 43. g3 Qg4 44. Kg2 Kh8 45. Qa4 Nxh4+ 46. Kf1 Qf3+ 47. Ke1 Qxg3+ 48. Kd1 Qd6+ 49. Kc1 Kh7 50. Qc2+ Ng6 51. Kb1 h5 52. Kc1 Qg3 53. Qc4 Qc3+ 54. Qxc3 bxc3 55. Kc2 h4 56. Kxc3 h3 57. Kd2 h2 58. Ke2 h1Q 0-1

[Event "Sao Paulo op-B 3rd"]
[Site "Sao Paulo"]
[Date "2015.09.17"]
[Round "1"]
[White "Heinrichs, Vivian"]
[Black "Pi Chillida, Nicole"]
[Result "1-0"]
[WhiteElo "1937"]
[BlackElo "1451"]
[PlyCount "51"]
[EventDate "2015.09.17"]
[EventType "swiss"]
[EventRounds "6"]
[EventCountry "BRA"]
[SourceTitle "EXT 2016"]
[Source "ChessBase"]
[SourceDate "2015.10.08"]
[SourceVersion "1"]
[SourceVersionDate "2015.10.08"]
[SourceQuality "1"]

1. d4 e6 2. c4 d5 3. Nc3 Nf6 4. cxd5 exd5 5. Bg5 Be7 6. e3 0-0 7. Bd3 Nbd7 8. Qc2 b6 9. Nf3 Bb7 10. Ne5 c5 11. Nxd7 Nxd7 12. Bxe7 Qxe7 13. 0-0 Nf6 14. b3 a6 15. Na4 Nd7 16. Bxh7+ Kh8 17. Bf5 g6 18. Bxd7 Qxd7 19. Nxb6 Qg4 20. Nxa8 Bxa8 21. Qxc5 Rc8 22. Qa7 Kg7 23. Qxa6 Bc6 24. h3 Qe6 25. Rfc1 Rc7 26. Rc5 1-0

[Event "Sao Paulo Livraria 5th"]
[Site "Sao Paulo"]
[Date "2015.05.10"]
[Round "9.5"]
[White "Schultz, Rauanda"]
[Black "Pi Chillida, Nicole"]
[Result "1-0"]
[WhiteElo "1540"]
[BlackElo "1337"]
[PlyCount "69"]
[EventDate "2015.05.05"]
[EventType "tourn"]
[EventRounds "11"]
[EventCountry "BRA"]
[SourceTitle "EXT 2022"]
[Source "ChessBase"]
[SourceDate "2021.10.06"]
[SourceVersion "1"]
[SourceVersionDate "2021.10.06"]
[SourceQuality "1"]

1. d4 d5 2. c4 e6 3. Nc3 Nf6 4. Bg5 Nbd7 5. Nf3 Be7 6. e3 0-0 7. Bd3 h6 8. Bh4 dxc4 9. Bxc4 c5 10. 0-0 a6 11. a4 b6 12. Qe2 Bb7 13. Rfd1 Qc7 14. Bg3 Bd6 15. Bxd6 Qxd6 16. e4 Qc7 17. Rac1 Rad8 18. Bxa6 Bxa6 19. Qxa6 cxd4 20. Rxd4 Nc5 21. Qc4 Rxd4 22. Nxd4 Qf4 23. Nde2 Qh4 24. g3 Qh3 25. Nf4 Qg4 26. h3 Qg5 27. b4 e5 28. Nfe2 Nfxe4 29. Nxe4 Nxe4 30. Qxe4 f5 31. Qxe5 Rd8 32. Nf4 h5 33. Rc7 h4 34. Ne6 Rd1+ 35. Kg2 1-0

[Event "Sao Paulo Livraria 5th"]
[Site "Sao Paulo"]
[Date "2015.05.06"]
[Round "3.2"]
[White "Jose, Anderson Willians"]
[Black "Pi Chillida, Nicole"]
[Result "1-0"]
[WhiteElo "1618"]
[BlackElo "1337"]
[PlyCount "39"]
[EventDate "2015.05.05"]
[EventType "tourn"]
[EventRounds "11"]
[EventCountry "BRA"]
[SourceTitle "EXT 2022"]
[Source "ChessBase"]
[SourceDate "2021.10.06"]
[SourceVersion "1"]
[SourceVersionDate "2021.10.06"]
[SourceQuality "1"]

1. e4 e6 2. d4 d5 3. e5 c5 4. c3 cxd4 5. cxd4 Bb4+ 6. Bd2 Bxd2+ 7. Qxd2 Ne7 8. Bd3 Nbc6 9. Nf3 Qb6 10. a3 Nxd4 11. Nxd4 Qxd4 12. Bb5+ Bd7 13. Bxd7+ Kxd7 14. Qxd4 Nf5 15. Qa4+ Kc7 16. Nc3 a6 17. Rc1 b5 18. Nxb5+ Kb6 19. Nd6 Ne7 20. Qd4+ 1-0

[Event "Curitiba Terzian Memorial op"]
[Site "Curitiba"]
[Date "2014.11.02"]
[Round "5"]
[White "Abilhoa, Gustavo Auer"]
[Black "Pi Chillida, Nicole"]
[Result "1-0"]
[WhiteElo "1832"]
[BlackElo "1353"]
[PlyCount "87"]
[EventDate "2014.10.31"]
[EventType "swiss"]
[EventRounds "6"]
[EventCountry "BRA"]
[SourceTitle "EXT 2015"]
[Source "ChessBase"]
[SourceDate "2014.11.20"]
[SourceVersion "1"]
[SourceVersionDate "2014.11.20"]
[SourceQuality "1"]

1. d4 d5 2. c4 e6 3. Nc3 Nf6 4. Bg5 Be7 5. Nf3 0-0 6. e3 b6 7. cxd5 Nxd5 8. Nxd5 exd5 9. Bf4 c5 10. Bd3 cxd4 11. Nxd4 Bb4+ 12. Ke2 Re8 13. Kf1 g6 14. Bxb8 Qf6 15. Bf4 g5 16. Qf3 gxf4 17. Qxf4 Qxf4 18. exf4 Bd6 19. Ne2 Bd7 20. f5 h5 21. g3 Re5 22. Kg2 Bxf5 23. Bxf5 Rxf5 24. Rhd1 Bc5 25. Nf4 Rd8 26. Rd3 Kh7 27. Rad1 d4 28. Ne2 Rfd5 29. a3 a5 30. Nc1 Be7 31. Nb3 Bf6 32. Nd2 b5 33. Ne4 Be7 34. f4 f5 35. Nd2 Rg8 36. Nf3 Bd6 37. Rxd4 Rxd4 38. Rxd4 Bc5 39. Rd5 Be3 40. Rxf5 Rb8 41. Rxh5+ Kg6 42. Rg5+ Kf6 43. Ne5 a4 44. Nd7+ 1-0

[Event "Curitiba Terzian Memorial op"]
[Site "Curitiba"]
[Date "2014.11.01"]
[Round "4"]
[White "Pi Chillida, Nicole"]
[Black "Colaco, Willian Wagner Soar"]
[Result "0-1"]
[WhiteElo "1353"]
[BlackElo "1629"]
[PlyCount "74"]
[EventDate "2014.10.31"]
[EventType "swiss"]
[EventRounds "6"]
[EventCountry "BRA"]
[SourceTitle "EXT 2015"]
[Source "ChessBase"]
[SourceDate "2014.11.20"]
[SourceVersion "1"]
[SourceVersionDate "2014.11.20"]
[SourceQuality "1"]

1. e4 e5 2. Nf3 d6 3. Nc3 Nf6 4. Bc4 Bg4 5. h3 Bxf3 6. Qxf3 Nc6 7. Bb5 Be7 8. Bxc6+ bxc6 9. d3 Rb8 10. b3 a5 11. Ne2 d5 12. exd5 cxd5 13. 0-0 0-0 14. Bb2 Bd6 15. Rfe1 c6 16. Ng3 Nd7 17. Nf5 Bc7 18. Qg3 g6 19. Bxe5 Nxe5 20. Nh6+ Kg7 21. Nf5+ Kg8 22. Nh6+ Kh8 23. Rxe5 f6 24. d4 fxe5 25. dxe5 Qe7 26. Qc3 Bxe5 27. Qxc6 Bxa1 28. c3 Rbc8 29. Qxd5 Bxc3 30. f3 Qc5+ 31. Qxc5 Rxc5 32. Kf1 Re8 33. Nf7+ Kg7 34. Nd6 Re3 35. Ne4 Re5 36. Kf2 R3xe4 37. fxe4 Rxe4 0-1